Statistics for Top 10 Los Angeles Lakers Players of All Time

Click here to take the quiz!

General Stats

  • This quiz has been taken 190 times
  • The average score is 8 of 10

Answer Stats

NumberPlayer% Correct
1.Kobe Bryant
99%
2.Magic Johnson
92%
6.Jerry West
89%
5.Shaquille O'Neal
88%
7.Elgin Baylor
80%
8.James Worthy
77%
4.Wilt Chamberlain
77%
3.Kareem Abdul-Jabbar
76%
10.Pau Gasol
57%
9.George Mikan
55%

Score Distribution

Percentile by Number Answered

Percent of People with Each Score

Your Score History

You have not taken this quiz